Регионална библиотека "Любен Каравелов" - Русе

Dictionnaire de l'argot (Запис номер 39525)

MARC детайли
000 -Лидер
Контролно поле с фиксирана дължина 01169nam a2200361 c 4500
003 - Код на организацията, давaща контролен номер
Контролно поле BLK
005 - Дата и час на последна редакция
Контролно поле 20180420221140.0
008 - Елементи от данни с фиксирана дължина
fixed length control field 180408b bul|||||r ||||||| ||bul||
010 ## - Наследен системен номер
LC control number KNG00042879000
020 ## - Международен стандартен номер на книга ISBN
Международен стандартен номер на книга ISBN 2-03-340333-5
-- издат.: Larousse
040 ## - Източник на каталожния запис
Идентификатор на билиотеката - собственик на записа BLK
041 ## - Код за език
Код за езика на текст/звукозапис или на отделно заглавие Френски
Код за езика КДБФ Френски
080 ## - УДК
Текстов определител УДК Френски език
УДК код - определител по УДК 811.133.1
УДК определител -316(038.1)
УДК - код + определител 811.133.1-316(038.1)
100 1# - Редна дума - Автор
Автор Colin, Jean-Paul
Авторска отговорност първи автор
R(LIN) 276148
139 ## - Редно поле
Редна дума Colin, Jean-Paul et al.
Авторски знак Col - C 69
245 10 - Сведения за заглавието
Заглавие Dictionnaire de l'argot
Редно поле (дума) Jean-Paul Colin; съавт. Jean-Pierre Mevel; съавт. Christian Leclere.
257 ## - Страна на издаване
Страна на създаване/издаване Франция
260 ## - Област на издателските данни
-- Paris
Име на издателя, разпространителя и проч. Larousse
Година на издаване 1994
300 ## - Физическа характеристика
Страници 763 c
Размери/Мащаб 24 cm
380 ## - Жанр
Жанр Езикознание. Филология
490 1# - СЕРИИ (Колекции)
Име на серия Tresors du francais
650 #4 - Допълнително описание по предмет – тема
Основно описание – тема или топоним Френски език - речници - жаргон
9 (RLIN) 276721
653 ## - Ключова дума – ненормативна
Ключова дума френски език
653 ## - Ключова дума – ненормативна
Ключова дума речници
653 ## - Ключова дума – ненормативна
Ключова дума жаргон
700 1# - Други автори (авторска отговорност)
Лично име Mevel, Jean-Pierre
Автороска отговорност (Описва отношението между автора и произведението) съавт.
9 (RLIN) 18518
700 1# - Други автори (авторска отговорност)
Лично име Leclere, Christian
Автороска отговорност (Описва отношението между автора и произведението) съавт.
9 (RLIN) 16700
852 ## - Местоположение
Форматна сигнатура Цб 180365
856 4# - Електронен адрес и достъп
Електронен формат pdf - файл
Път до файла /url/
856 4# - Електронен адрес и достъп
Електронен формат pdf - файл
Път до файла /url/
942 ## - АРТИКУЛИ
Вид на библиотечния материал Книги
Скрит в OPAC Не
944 ## - СЪЗДАВАНЕ И РЕДАКЦИЯ на ЗАПИСА
Създаване/Редакция Създаване
Дата на регистрацията/редакция 15.01.2003
Служител, извършил регистрацията/редакцията Теодора_Стоянова
944 ## - СЪЗДАВАНЕ И РЕДАКЦИЯ на ЗАПИСА
Създаване/Редакция Редакция
Дата на регистрацията/редакция 28.07.2009
Служител, извършил регистрацията/редакцията
999 ## - СИСТЕМНИ КОНТРОЛНИ НОМЕРА
Koha biblionumber 39525
Koha biblioitemnumber 39525
Наличности
Код за отписване Код за изгубен артикул Източник на класификационната схема Код за повреда Коз за рестрикции Код за отдаване Артикулен № Име на библиотеката - собственик Име на библиотеката, в която се намира в момента Статус (Текущо местоположение) Дата на вписване в системата Местоположение - отдел Цена в лева Инвентарен номер Систематично азбучна сигнатура Баркод Номер на екземпляра Цена в евро Служебна бележка Служебен тип на артикула
  Не е изгубен Universal Decimal Classification Не е повреден без рестрикции ползва се в читалня 61918 Регионална библиотека "Любен Каравелов" Русе Регионална библиотека "Любен Каравелов" Русе Читалня 4 - справочен фонд 2001-01-01 Читалня 4 - справочен фонд 0.00 610003 C4 804.0/C69J 610003 1 0.00 Дата инв: 12.06.2017 Бележки инв: С42017 Книги
Vip Innovations Ltd, Rousse, Bulgaria 2025